Loading...
| History - American History | 0 | 4 | 2 | 0 | 30 | 73 | 90.00 | 2 | 3 |
| Science - Chemistry | 0 | 2 | 0 | 0 | 20 | 96 | 101.50 | 1 | 2 |
| History - Other History | 0 | 2 | 0 | 1 | 20 | 101 | 120.00 | 0 | 2 |
| History - World History | 1 | 1 | 1 | 0 | 20 | 45 | 69.00 | 1 | 2 |
| Philosophy | 0 | 2 | 0 | 1 | 20 | 129 | 135.50 | 0 | 2 |
| Literature - American Literature | 0 | 1 | 0 | 0 | 10 | 139 | 139.00 | 0 | 1 |
| Literature - British Literature | 0 | 1 | 0 | 0 | 10 | 112 | 112.00 | 1 | 1 |
| Other Academic | 0 | 1 | 0 | 0 | 10 | 124 | 124.00 | 0 | 1 |
| Pop Culture | 0 | 1 | 0 | 0 | 10 | 110 | 110.00 | 0 | 1 |
| Social Science | 0 | 0 | 1 | 0 | -5 | 0.00 | 0 | 0 | |
| History - European History | 0 | 1 | 3 | 0 | -5 | 75 | 75.00 | 1 | 1 |
| Science - Biology | 0 | 0 | 1 | 0 | -5 | 0.00 | 0 | 0 | |
| Fine Arts - Other Fine Arts | 0 | 0 | 2 | 0 | -10 | 0.00 | 0 | 0 |